00776nam a2200217 a 450000100060000000300080000600500170001400800410003103500190007204000330009104100080012408200220013210000370015424500760019126000620026730000210032965000370035094200120038799900170039995201420041663051BD-RjUL20211209081144.0170128r19541929enk 000 0 eng  a(BD-RjUL)63179 aDLCcDNIEdDLCdBD-RjULbeng aeng 0223a808bHEH 19541 aBett, Henry.d1876-1953.918757410aHow to write good English :bsome principles of style /cby Henry Bett. aLondon :bG. Allen & Unwin ltd.,c1929 [impression 1954]. a 85 p. ;c17 cm. 0aEnglish languagexStyle.9185076 2ddccBK c63051d63051 00102ddc40718NFICaRUCLbRUCLcReadingd1955-09-09eB. H. Blackwellg64.00l0o808 BEH 1954r2017-01-28 00:00:00tC-1w2021-12-09yBK